| 000 | 00406nam a22001571a 4500 | ||
|---|---|---|---|
| 020 | _a9780745619613 | ||
| 082 |
_a181.07 _bOLI/B |
||
| 100 | _aOliver Leaman | ||
| 245 |
_aA brief introduction to Islamic philosophy/ _cby Oliver Leaman |
||
| 260 |
_aCambridge: _bPolity press, _c2001. |
||
| 300 | _a199p. | ||
| 650 | _aIslamic Philosophy | ||
| 650 | _aPhilosophy Islam | ||
| 650 | _aPhilosophy | ||
| 942 | _cBK | ||
| 999 |
_c6085 _d6085 |
||